01019nmc a2200325 a 4500003000900000005001700009008004100026020001800067040001300085100001700098245004100115250001200156260009500168300002900263490005100292504007000343600002100413650002200434650002300456650002000479650002200499650001200521653002800533700002400561700002000585700002900605700002300634700001900657700001700676AR-BaBNM20251128211530.0084120s1999 ||||||||||||||000 | spa|| a987-9191-48-X cAR-BaBNM1 aSouto, Marta10aGrupos y dispositivos de formación a1ª ed. aBuenos AiresbEdiciones Novedades educativasc1999bFacultad de Filosofía y Letras [UBA]0 a143 p.bgráfs., tablas 0aFormacion de formadores. Los documentosvv. 10 aContiene referencias bibliográficas al final de cada capítulo14aFoucault, Michel 4aDINAMICA DE GRUPO 4aENSENANZA EN GRUPO 4aROL DEL DOCENTE 4aPSICOLOGIA SOCIAL 4aTUTORIA aFORMACION DE FORMADORES1 aBarbier, Jean-Marie1 aCattaneo, Mabel1 aCoronel, Mirtha G. R. de1 aGaidulewicz, Laura1 aGoggi, Nora E.1 aMazza, Diana